Normal view
MARC view
Entry Personal Name
001 - CONTROL NUMBER
- control field: 721876
003 - CONTROL NUMBER IDENTIFIER
- control field: OSt
005 - DATE AND TIME OF LATEST TRANSACTION
- control field: 20221007125402.0
008 - FIXED-LENGTH DATA ELEMENTS
- fixed length control field: 221007|| aca||aabn | a|a d
040 ## - CATALOGING SOURCE
- Original cataloging agency: OSt
- Transcribing agency: OSt
100 ## - HEADING--PERSONAL NAME
- Personal name: Hesse Manfred
670 ## - SOURCE DATA FOUND
- Source citation: Work cat.: (OSt)1215192: Hesse Manfred, Alkaloids: nature's curse or blessing by Manfred Hesse, 2002
